000 00727nam a22001817a 4500
999 _c371442
_d371442
008 201127b ||||| |||| 00| 0 eng d
040 _aDE-2950
_bger
_cDE-2950
_erda
041 _ager
245 _aSorge um Gewässerqualität.
_bFreizeit: Der Anglerverband Frankfurt zählt mehr als 1000 Mitglieder. Präsident Bodo Taubitz erklärt, was beim Angeln in der Stadt zu beachten ist /
_cPhilipp Stepputtis
264 _c2022
653 _aFrankfurt (Oder)
653 _aAnglerverband
773 _dFrankfurt (Oder) Märkisches Verlags- und Druckhaus GmbH & Co KG
_tMärkische Oderzeitung
_g33. Jahrgang (2022) Nr. 41 vom 18.02.2022, S. 15
942 _cA